00457nam a2200157Ia 45000010006000000050017000060080041000230410008000640820016000721000043000882450115001312600009002463000028002556500008002836540008002911598620260306170236.0260306t2018||||xx |||||||||||||| ||und|| aESP a346.52bC24 aCampos Bermúdez, José AntonioeAUT 0aLa responsabilidad civil de bancos en compras financiadas en planos de inmuebles y en operaciones por internet c2018 a383 páginas :c25 cm. aGEN aCDE